Ailes de kitesurf - Statistiques

Statistiques générales
  • Ce quiz a été pris 24 fois
  • Le résultat moyen est 7 sur 24
Statistiques - réponses
Réponse % Correct
duotone
84%
north
79%
f one
74%
naish
47%
cabrinha
42%
ozone
42%
core
37%
airush
32%
eleveight
32%
flysurfer
32%
gong
32%
slingshot
26%
takoon
26%
harlem
21%
ocean rodeo
21%
reedin
21%
rrd
21%
best
16%
gastra
5%
airwave
0%
liquid force
0%
nobile
0%
wipika
0%
zeeko
0%
Aucun quiz correspondant
Distribution des résultats
% des personnes avec chaque résultat
Percentile par nombre de réponses
Votre historique - résultats
Vous n’avez pas pris ce quiz